|
|
|
|
| LEADER |
00000cam a2200000 7i4500 |
| 001 |
0000003627 |
| 005 |
20070623093000.0 |
| 008 |
021118s1990 |
| 020 |
|
|
|a 9836213678
|
| 090 |
0 |
0 |
|a QH541
|b .S26
|
| 100 |
0 |
|
|a Santo, Robert S. De. ,
|e author
|
| 240 |
0 |
0 |
|a Concepts of applied ecology
|l [Bahasa Malaysia]
|
| 245 |
0 |
0 |
|a Konsep ekologi gunaan
|c Robert S. De Santo
|f penterjemah, Noraini Dan
|
| 260 |
2 |
|
|a Kuala Lumpur :
|b Dewan Bahasa dan Pustaka ,
|c 1990
|
| 501 |
|
|
|a Terjemahan: Concepts of applied ecology
|
| 504 |
|
|
|a Mengandungi indeks
|
| 650 |
|
0 |
|a Ecology
|
| 999 |
|
|
|a 1000032608
|b Book
|c OPEN SHELF (30 DAYS)
|e Tembila Campus
|